[Event "LUX-chT 2016/17"]
[Site "Luxembourg"]
[Date "2016.10.09"]
[Round "2"]
[White "Stull, Norbert"]
[Black "Lopez Popov, Ivan"]
[Result "1-0"]
[WhiteElo "2164"]
[BlackElo "1928"]
[PlyCount "93"]
[EventDate "2016.09.25"]
[EventType "team-tourn"]
[EventRounds "10"]
[EventCountry "LUX"]
[SourceTitle "EXT 2018"]
[Source "ChessBase"]
[SourceDate "2017.10.13"]
[SourceVersion "1"]
[SourceVersionDate "2017.10.13"]
[SourceQuality "1"]

1. d4 d5 2. c4 c6 3. Nf3 Nf6 4. Nc3 a6 5. e3 Bg4 6. h3 Bxf3 7. Qxf3 e6 8. Bd3 Nbd7 9. cxd5 cxd5 10. 0-0 Be7 11. e4 dxe4 12. Nxe4 Nd5 13. Nc3 N7f6 14. Be3 0-0 15. Be4 Nxe4 16. Qxe4 Rc8 17. Rac1 Nxc3 18. Rxc3 Rxc3 19. bxc3 Qd5 20. Qc2 Rc8 21. a4 b5 22. axb5 Qxb5 23. Rb1 Qc4 24. Qb3 Qxb3 25. Rxb3 a5 26. Rb7 Kf8 27. Ra7 Bd8 28. Bd2 e5 29. dxe5 Rc5 30. Ra8 Ke7 31. Bg5+ f6 32. exf6+ gxf6 33. Bxf6+ Kxf6 34. Rxd8 Rxc3 35. Ra8 Ra3 36. h4 Ra4 37. g3 h5 38. Rg8 Ra1+ 39. Kg2 a4 40. Rg5 Re1 41. Rxh5 Re5 42. Rh6+ Kf5 43. Ra6 Re4 44. Ra5+ Kg6 45. Kf3 Rb4 46. g4 Rb3+ 47. Kf4 1-0

[Event "Luxembourg-chT 1415"]
[Site "Luxembourg"]
[Date "2015.03.29"]
[Round "10"]
[White "Lopez Popov, Ivan"]
[Black "Blaeser, Romain"]
[Result "1/2-1/2"]
[WhiteElo "1948"]
[BlackElo "1971"]
[PlyCount "42"]
[EventDate "2014.10.05"]
[EventType "team-tourn"]
[EventRounds "10"]
[EventCountry "LUX"]
[SourceTitle "EXT 2017"]
[Source "ChessBase"]
[SourceDate "2016.10.25"]
[SourceVersion "1"]
[SourceVersionDate "2016.10.25"]
[SourceQuality "1"]

1. e4 d5 2. exd5 Nf6 3. d4 Nxd5 4. Nf3 Bg4 5. a3 e6 6. h3 Bh5 7. c4 Nb6 8. g4 Bg6 9. Nc3 Be7 10. Ne5 Nc6 11. Nxc6 bxc6 12. Bg2 Qd7 13. Qe2 0-0 14. Be3 f5 15. gxf5 Bxf5 16. 0-0-0 Rab8 17. Be4 Bxe4 18. Nxe4 Na4 19. Nc5 Bxc5 20. dxc5 Qe7 21. Bd4 Nxc5 1/2-1/2

[Event "Wch U16"]
[Site "Al Ain"]
[Date "2013.12.26"]
[Round "9"]
[White "Lopez Popov, Ivan"]
[Black "Bezuidenhout, Roland Reinhold"]
[Result "0-1"]
[WhiteElo "1735"]
[BlackElo "2037"]
[PlyCount "112"]
[EventDate "2013.12.18"]
[EventType "swiss"]
[EventRounds "11"]
[EventCountry "UAE"]
[SourceTitle "CBM 158 Extra"]
[Source "ChessBase"]
[SourceDate "2014.02.28"]
[SourceVersion "1"]
[SourceVersionDate "2014.02.28"]
[SourceQuality "1"]

1. e4 c5 2. Nf3 e6 3. c3 d5 4. exd5 Qxd5 5. d4 cxd4 6. Qxd4 Nf6 7. Bc4 Qh5 8. Bf4 Nc6 9. Qd3 Be7 10. Nbd2 0-0 11. Qe2 Qf5 12. Bg3 Rd8 13. 0-0 a6 14. Nb3 b5 15. Nh4 Qg5 16. Bd3 Bb7 17. Nf3 Qh6 18. Bc7 Rd7 19. Bb6 Nd5 20. Be3 Nxe3 21. fxe3 Bd6 22. h3 e5 23. Nfd2 Ne7 24. Ne4 Bxe4 25. Bxe4 Rad8 26. Na5 Bc5 27. Rae1 Bb6 28. Nb3 Qe6 29. Qf3 a5 30. Kh1 g6 31. Qf6 Rd6 32. Qxe6 Rxe6 33. Bf3 Nf5 34. Bg4 Ng3+ 35. Kg1 Nxf1 36. Kxf1 Red6 37. e4 a4 38. Nc1 Rd2 39. Re2 Rd1+ 40. Re1 Rxe1+ 41. Kxe1 Be3 42. Nd3 Rxd3 43. Ke2 Rd2+ 44. Kxe3 Rxb2 45. a3 Rb3 46. Kd3 Rxa3 47. Bd7 b4 48. Kd2 bxc3+ 49. Kc2 Ra2+ 50. Kxc3 Rxg2 51. Bxa4 Rg3+ 52. Kc4 Rxh3 53. Kd5 Ra3 54. Bc6 f6 55. Ke6 Ra6 56. Kd7 Rxc6 0-1

[Event "EU-ch U14"]
[Site "Prague"]
[Date "2012.08.25"]
[Round "9"]
[White "Lopez Popov, Ivan"]
[Black "Liebert, Erwin"]
[Result "1/2-1/2"]
[WhiteElo "1719"]
[BlackElo "1566"]
[PlyCount "66"]
[EventDate "2012.08.17"]
[EventType "swiss"]
[EventRounds "9"]
[EventCountry "CZE"]
[SourceTitle "CBM 150 Extra"]
[Source "ChessBase"]
[SourceDate "2012.10.19"]
[SourceVersion "1"]
[SourceVersionDate "2012.10.19"]
[SourceQuality "1"]

1. e4 e5 2. Nf3 Nc6 3. Bc4 Nf6 4. d3 Bc5 5. 0-0 d6 6. c3 Bg4 7. Nbd2 0-0 8. h3 Bh5 9. Re1 Re8 10. Nf1 h6 11. Ng3 Bg6 12. b4 Bb6 13. a3 Nh5 14. Nxh5 Bxh5 15. Be3 Ne7 16. Bxb6 axb6 17. Bb3 Kh8 18. g4 Bg6 19. Nh4 Rf8 20. Re3 c6 21. Nf5 Bxf5 22. gxf5 d5 23. Qh5 Kh7 24. Rg3 Qe8 25. Kh2 f6 26. Qf3 Qf7 27. Rag1 Rg8 28. a4 Rad8 29. Rg6 Qe8 30. R6g3 Qf7 31. Rg6 Qe8 32. R6g3 Qf7 33. Rg6 Qe8 1/2-1/2

[Event "EU Union-ch U14 9th"]
[Site "Mureck"]
[Date "2011.08.07"]
[Round "5"]
[White "Lopez Popov, Ivan"]
[Black "Eranne, Tomi"]
[Result "1-0"]
[WhiteElo "1679"]
[BlackElo "1499"]
[PlyCount "85"]
[EventDate "2011.08.03"]
[EventType "swiss"]
[EventRounds "9"]
[EventCountry "AUT"]
[SourceTitle "CBM 143 Extra"]
[Source "ChessBase"]
[SourceDate "2011.08.29"]
[SourceVersion "1"]
[SourceVersionDate "2011.08.29"]
[SourceQuality "1"]

1. e4 c5 2. Nf3 g6 3. d4 cxd4 4. Nxd4 Bg7 5. Nc3 Nc6 6. Be3 Nf6 7. Be2 0-0 8. 0-0 d5 9. exd5 Nxd5 10. Nxd5 Qxd5 11. Bf3 Qd6 12. Nxc6 bxc6 13. Qxd6 exd6 14. Bxc6 Rb8 15. Rab1 a6 16. b3 Bf5 17. Rbd1 Rfd8 18. c4 Be6 19. Bf4 Be5 20. Bxe5 dxe5 21. Rfe1 a5 22. Kf1 Rdc8 23. Bb5 Rc5 24. Rd6 Bf5 25. a3 Rcxb5 26. cxb5 Rxb5 27. a4 Rc5 28. Re3 Rc1+ 29. Ke2 Rh1 30. h3 Rh2 31. g4 Be6 32. Rb6 Kg7 33. Kf1 Bd5 34. Rb5 Bc6 35. Rc5 Bb7 36. Rxa5 Kf6 37. Raxe5 h5 38. g5+ Kg7 39. b4 h4 40. a5 Bc8 41. b5 Bxh3+ 42. Rxh3 Rxh3 43. Re3 1-0

[Event "EU Union-ch U14 9th"]
[Site "Mureck"]
[Date "2011.08.05"]
[Round "3"]
[White "Lopez Popov, Ivan"]
[Black "Thogersen, Rasmus"]
[Result "0-1"]
[WhiteElo "1679"]
[BlackElo "1848"]
[PlyCount "122"]
[EventDate "2011.08.03"]
[EventType "swiss"]
[EventRounds "9"]
[EventCountry "AUT"]
[SourceTitle "CBM 143 Extra"]
[Source "ChessBase"]
[SourceDate "2011.08.29"]
[SourceVersion "1"]
[SourceVersionDate "2011.08.29"]
[SourceQuality "1"]

1. e4 c5 2. Nf3 d6 3. d4 cxd4 4. Nxd4 Nf6 5. Nc3 a6 6. Be2 e5 7. Nb3 Be6 8. Be3 Be7 9. 0-0 0-0 10. Bf3 Nbd7 11. Qe2 b5 12. Rfd1 b4 13. Nd5 Bxd5 14. exd5 e4 15. Bg4 Nxg4 16. Qxg4 f5 17. Qe2 Bf6 18. Bd4 Nb6 19. Bxf6 Qxf6 20. Rd4 a5 21. Rad1 Rfc8 22. Qb5 Rab8 23. Qe2 Na4 24. Nxa5 Nxb2 25. R1d2 Ra8 26. Nc6 Rxa2 27. h3 Na4 28. Qa6 Re8 29. Nxb4 e3 30. fxe3 Ra1+ 31. Rd1 Rxd1+ 32. Rxd1 Nb2 33. Rf1 Rxe3 34. Qc8+ Qf8 35. Qxf8+ Kxf8 36. Rxf5+ Ke8 37. Rf4 Re2 38. Rf2 Re4 39. c3 Nd1 40. Rf3 Nxc3 41. Rxc3 Rxb4 42. Rc7 Kf8 43. Rc6 Rd4 44. Rxd6 Ke7 45. Re6+ Kf7 46. Re5 Kf6 47. Rh5 h6 48. Kf2 g6 49. Ke3 Ra4 50. Rxh6 Kg7 51. Rxg6+ Kxg6 52. g4 Ra3+ 53. Kf4 Rxh3 54. Ke5 Kf7 55. g5 Rg3 56. Kf5 Rg1 57. d6 Rg2 58. d7 Ke7 59. g6 Kxd7 60. Kf6 Ke8 61. g7 Rg1 0-1